| 000 | 00678cam a2200193 a 4500 | ||
|---|---|---|---|
| 020 | _a0821367277 | ||
| 020 | _a9780821367278 | ||
| 040 | _cIXA | ||
| 082 | 0 | 0 | _a330 INT 2007 A021 Or. |
| 245 | 0 | 0 |
_aGlobal economic prospects : _bmanaging the next wave of globalization, 2007. |
| 246 | 3 | 0 | _aManaging the next wave of globalization, 2007 |
| 260 |
_aWashington, DC : _bInternational Bank for Reconstruction and Development/The World Bank, _cc2007. |
||
| 300 |
_axxvii, 180 p. : _bill. ; _c27 cm. |
||
| 650 | 0 | _aEconomic forecasting | |
| 650 | 0 | _aGlobalization. | |
| 650 | 0 | _aEconomic forecasting. | |
| 856 | 4 | 1 | _uhttp://www.loc.gov/catdir/toc/fy0713/2007296722.html |
| 942 | _cEK | ||
| 999 |
_c12576 _d12576 |
||